ABC de la propiedad horizontal manual de la comunidad de propietarios /

Detalles Bibliográficos
Autor principal: Zaforteza Soca̕s, Jos ̌Mara̕
Formato: Desconocido
Lenguaje:español
Publicado: Barcelona : Bosch, 2005
Materias:
Acceso en línea:Acceso restringido

MARC

LEADER 00000ny a22000003n 4500
005 20110607142915.0
008 A10218s2005 sp || 001 0 spa d
035 |a 1140 
040 |a BUS  |d vLex 
080 |a 347.238.31 460 
090 |c 551  |d 551 
100 1 |a Zaforteza Soca̕s, Jos ̌Mara̕ 
245 1 0 |a ABC de la propiedad horizontal  |h [Recurso electrn̤ico]  |b manual de la comunidad de propietarios /  |c Jos ̌Ma Zaforteza Soca̕s 
256 |a Servicio en ln̕ea 
260 |a Barcelona :  |b Bosch,  |c 2005 
300 |a p. ;  |c cm 
500 |a Indice 
506 1 |a Contenido solo disponible en los productos indicados  |d vLex Global  |d vLex Global (Academic Edition, excluding Law Schools)  |d vLex Global (U.S. Academic Edition, Law Schools)  |d vLex Global (U.S. Academic Edition, excluding Law Schools)  |d vLex Global (Academic Edition, Law Schools) 
650 0 7 |a Propiedad horizontal  |2 Tesauro vLex 
650 0 7 |a Juicios sobre propiedad horizontal  |2 Tesauro vLex 
740 0 |a vLex Libros (Servicios en ln̕ea) 
856 4 0 |u http://vlex.com/source/1140  |z Acceso restringido 
942 |c BOOK 
999 0 |a Condominiums  |b Barcelona